| 000 | 00496 a2200181 4500 | ||
|---|---|---|---|
| 003 | Nust | ||
| 005 | 20251015114051.0 | ||
| 040 | _cNust | ||
| 082 | _a621.382 | ||
| 100 |
_aHussain, Maj Azadar (TE-16) _9131131 |
||
| 245 |
_aField effect transistors / _cMaj Azadar Hussain & Capt Mansoor Rashid & Capt Afzal Hussain |
||
| 260 |
_aMCS _bUET, Lahore _c1984 |
||
| 300 | _a30 ,p.; | ||
| 538 | _aT2 and Shelf No 3 | ||
| 650 |
_aUG Project _9131132 |
||
| 651 |
_aTE-16 _9131111 |
||
| 942 |
_cPR _2ddc |
||
| 999 |
_c181953 _d181953 |
||